Sports Quiz

Random Sports or College Quiz

Name The College these Players went to Quiz Stats

 Plays Quiz not verified by Sporcle

Challenge
Share
Tweet
Embed
Score 0/11 Timer 10:00
0 Plays Today
hints answers % Correct
Anthony DavisKentucky
100%
John WallKentucky
100%
RG3Baylor
96.7%
Eli ManningOle Miss
93.3%
Michael OherOle Miss
93.3%
Drew BreesPurdue
90%
Jeremy LinHarvard
86.7%
Austin RiversDuke
83.3%
Bradley BealFlorida
76.7%
Damion LillardWeber State
53.3%
Justin TuckNotre Dame
50%

You're not logged in!

Compare scores with friends on all Sporcle quizzes.
Join for Free
OR
Log In

You Might Also Like...

Show Comments

Extras

Created Dec 1, 2012ReportNominate
Tags:College Quiz, player, went

Top Quizzes Today


Score Distribution

Your Account Isn't Verified!

In order to create a playlist on Sporcle, you need to verify the email address you used during registration. Go to your Sporcle Settings to finish the process.

Report this User

Report this user for behavior that violates our Community Guidelines.

Details: